Manchester United - Statistics

General Stats
  • This quiz has been taken 597 times
  • The average score is 7 of 12
Answer Stats
Hint Answer % Correct
Most Appearances Ryan Giggs
92%
Most Expensive Transfer Out Cristiano Ronaldo
89%
Who Many Times Did Fergie Win The Premier League 13
83%
How Many FA Cups Have United Won? 11
79%
Most Goals Sir Bobby Charlton
77%
King ... Eric Cantona
65%
First Manager To Win The European Cup Sir Matt Busby
57%
Shirt Sponsor For 2013-2014 AON
52%
Player To Have Scored The Most Goals In One Game George Best
48%
The Other Member Of The Holy Trinity Dennis Law
47%
Most Expensive Transfer In Dimitar Berbatov
40%
Youngest Player To Make an Appearance In Premier League Federico Macheda
17%
No matching quizzes found
Score Distribution
Percent of People with Each Score
Percentile by Number Answered
Your Score History
You have not taken this quiz